Luffman's London (Record no. 114557)

MARC details
000 -LEADER
fixed length control field 00848cem a22001935a 4500
001 - CONTROL NUMBER
control field L157047
008 - FIXED-LENGTH DATA ELEMENTS--GENERAL INFORMATION
fixed length control field 120821s1809 xxkb f 000 0 eng d
035 ## - SYSTEM CONTROL NUMBER
System control number (Sirsi) u157047
041 0# - LANGUAGE CODE
Language code of text/sound track or separate title eng
100 1# - MAIN ENTRY--PERSONAL NAME
Personal name Luffman, John
240 ## - UNIFORM TITLE
Uniform title Luffman's faithful guide through London and places adjacent, in every direction from St. Paul's Cathedral
245 00 - TITLE STATEMENT
Title Luffman's London
Remainder of title extending from Blackwall in the East to Knightsbridge in the West & from Islington in the North, to Camberwell, South
Medium [cartographic material]
260 ## - PUBLICATION, DISTRIBUTION, ETC.
Place of publication, distribution, etc. London
Name of publisher, distributor, etc. Sold by I. Luffman, 377, Strand & I. Burrup Royal Exch.
Date of publication, distribution, etc. 1809
300 ## - PHYSICAL DESCRIPTION
Extent 1 map
Other physical details dissected and mounted on linen, hand col, in slip case
Dimensions 43 x 77 cm., folded to 14 x 11 cm.
583 ## - ACTION NOTE
Action Condition reviewed
Time/date of action 20120620
Status condition level 4
651 #4 - SUBJECT ADDED ENTRY--GEOGRAPHIC NAME
Geographic name London
690 ## - LOCAL SUBJECT ADDED ENTRY--TOPICAL TERM (OCLC, RLIN)
Topical term or geographic name as entry element Geomatics
9 (RLIN) 6242
942 ## - ADDED ENTRY ELEMENTS (KOHA)
Suppress in OPAC 0
Holdings
Withdrawn status Lost status Source of classification or shelving scheme Damaged status Not for loan Home library Current library Shelving location Date acquired Total Checkouts Full call number Barcode Date last seen Copy number Price effective from Koha item type
    Dewey Decimal Classification     Historic collection Historic collection Historic collection 21/08/2012   MAP 1809 LUFFMAN 30077036 06/08/2019 1 06/08/2019 Book